dBASE III Plus Popis systému

Uložené v:
Podrobná bibliografia
Hlavný autor: Miller, Luděk
Médium: Kniha
Jazyk:Czech
Vydavateľské údaje: Praha Grada 1991
Vydanie:1. vyd.
Edícia:Nestůjte za dveřmi
Predmet:
Tagy: Pridať tag
Žiadne tagy, Buďte prvý, kto otaguje tento záznam!

MARC

LEADER 00000nam a2200000 4500
001 c001156
005 20221214093358.2
020 |a 80-900250-7-2 
041 0 |a cze 
044 |a CZ 
245 1 0 |a dBASE III Plus  |b Popis systému  |c Luděk Miller 
250 |a 1. vyd. 
264 1 |a Praha  |b Grada  |c 1991 
300 |a 279 s. 
490 1 |a Nestůjte za dveřmi 
830 0 |a Nestůjte za dveřmi 
610 2 0 |a systémy počítačové 
610 2 0 |a dBASE III PLUS 
610 2 0 |a spracovanie dát 
610 2 0 |a systémy databázové 
100 1 |a Miller, Luděk